| 000 | 00587nam a22001937a 4500 | ||
|---|---|---|---|
| 003 | OSt | ||
| 005 | 20251029040123.0 | ||
| 008 | 251029b |||||||| |||| 00| 0 eng d | ||
| 020 | _a0-07-310170-2. | ||
| 040 |
_aDWCL-Main lib _cOC |
||
| 082 | _aCirc. 547 S651o 2006 | ||
| 100 | _aSmith, Janice G. | ||
| 245 |
_aOrganic chemistry _cSmith, Janice G. |
||
| 260 |
_aBoston : _bMcGraw-Hill Higher Education, _cc2006. |
||
| 300 |
_axxxiv, (various paging) : _bcolored illustration : _c28 cm. |
||
| 504 | _aIncludes index. | ||
| 650 | _21. Organic chemistry. | ||
| 942 |
_2ddc _cBK-CIRC _kCirc. _n0 |
||
| 999 |
_c5284 _d5284 |
||